[Event "Open Portugal 2019"]
[Site "Lisboa POR"]
[Date "2019.02.02"]
[Round "1.57"]
[White "Hernandez Munoz, Antonio Ramon"]
[Black "Iasman, Inna"]
[Result "1-0"]
[WhiteElo "2249"]
[BlackElo "1802"]
[WhiteFideId "22241280"]
[BlackFideId "24125563"]
[WhiteCountry "ESP"]
[BlackCountry "FRA"]
[PlyCount "74"]
[EventDate "2019.02.02"]

1. d4 d5 2. Nf3 Nf6 3. g3 Bf5 4. Bg2 e6 5. O-O h6 6. c4 c6 7. Nc3 Be7 8. Nd2
Nbd7 9. b3 O-O 10. Bb2 Rc8 11. Rc1 Re8 12. Re1 Bd6 13. a3 a5 14. e4 dxe4 15.
Ndxe4 Nxe4 16. Nxe4 Bf8 17. Qd2 Qb6 18. Qc3 Red8 19. c5 Qc7 20. Nd2 Nf6 21. Nc4
Ra8 22. Nb6 Ra7 23. Rc2 Nd7 24. Nc4 Nf6 25. Rce2 Rc8 26. Nb6 Rd8 27. Bc1 Qe7 28.
Nc4 a4 29. b4 Nd5 30. Bxd5 Rxd5 31. Ne3 Qf6 32. Nxd5 exd5 33. Re8 Bd7 34. Rb8 g5
35. Qe3 Be6 36. h4 gxh4 37. Qxh6 Qg7 1-0

[Event "Open Portugal 2019"]
[Site "Lisboa POR"]
[Date "2019.02.02"]
[Round "1.58"]
[White "Elias, Rúben"]
[Black "Sande Edreira, José"]
[Result "1/2-1/2"]
[WhiteElo "1797"]
[BlackElo "2244"]
[WhiteFideId "1906453"]
[BlackFideId "2204487"]
[BlackTitle "FM"]
[WhiteCountry "POR"]
[BlackCountry "ESP"]
[PlyCount "128"]
[EventDate "2019.02.02"]

1. e4 c5 2. Nf3 g6 3. d4 cxd4 4. Nxd4 Bg7 5. c4 Nc6 6. Be3 Nf6 7. Nc3 O-O 8. Be2
d6 9. O-O Bd7 10. Qd2 Nxd4 11. Bxd4 Bc6 12. f3 a5 13. Rfd1 Nd7 14. Bxg7 Kxg7 15.
Qd4+ f6 16. Rac1 Nc5 17. b3 Qb6 18. Nd5 Bxd5 19. cxd5 Rac8 20. Kh1 Nd7 21. Qxb6
Nxb6 22. Kg1 f5 23. Kf2 f4 24. Bb5 Kf6 25. Ke2 Ke5 26. Kd3 g5 27. g3 h5 28. Rg1
Rc5 29. Rxc5 dxc5 30. Rc1 Rc8 31. Rc2 Na8 32. Bd7 Rd8 33. Bf5 b6 34. Kc4 Nc7 35.
g4 hxg4 36. Bxg4 Rd6 37. Rg2 Rh6 38. Bc8 Rh5 39. Bg4 Rh7 40. Bd7 Kf6 41. Re2 e5
42. dxe6 Nxe6 43. Bxe6 Kxe6 44. Kb5 Ke5 45. Kxb6 g4 46. fxg4 f3 47. Rc2 Rf7 48.
Rxc5+ Kxe4 49. Rc1 f2 50. Rf1 Ke3 51. a4 Ke2 52. Rxf2+ Rxf2 53. Kxa5 Kd3 54. Kb5
Rb2 55. b4 Kc3 56. a5 Rxb4+ 57. Kc6 Ra4 58. Kb6 Kc4 59. a6 Kd5 60. a7 Kd6 61.
Kb7 Rb4+ 62. Kc8 Ra4 63. Kb7 Rb4+ 64. Kc8 Ra4 1/2-1/2

[Event "Open Portugal 2019"]
[Site "Lisboa POR"]
[Date "2019.02.02"]
[Round "1.59"]
[White "Palozza, Christian"]
[Black "García Ortega, Manuel"]
[Result "1-0"]
[WhiteElo "2237"]
[BlackElo "1785"]
[WhiteFideId "895580"]
[BlackFideId "2227533"]
[WhiteTitle "FM"]
[WhiteCountry "ITA"]
[BlackCountry "ESP"]
[PlyCount "49"]
[EventDate "2019.02.02"]

1. d4 Nf6 2. c4 d5 3. cxd5 Nxd5 4. e4 Nb6 5. Nc3 e6 6. Be3 a6 7. Nf3 Be7 8. Be2
O-O 9. O-O Kh8 10. a4 f5 11. exf5 exf5 12. d5 f4 13. Bxb6 cxb6 14. Nd4 Qd6 15.
Bf3 Nd7 16. Ne6 Rf7 17. Ne4 Qe5 18. Re1 Qxb2 19. Re2 Qb4 20. Nc7 Ne5 21. Nxa8
Nxf3+ 22. gxf3 Bh3 23. Rb1 Qxe4 24. fxe4 Rf6 25. Kh1 1-0

[Event "Open Portugal 2019"]
[Site "Lisboa POR"]
[Date "2019.02.02"]
[Round "1.61"]
[White "Corbalán Gómez, Juan José"]
[Black "Sá, Nuno"]
[Result "1-0"]
[WhiteElo "2235"]
[BlackElo "1767"]
[WhiteFideId "2260492"]
[BlackFideId "1908219"]
[WhiteCountry "ESP"]
[BlackCountry "POR"]
[PlyCount "73"]
[EventDate "2019.02.02"]

1. e4 e5 2. Nf3 Nf6 3. Nxe5 d6 4. Nf3 Nxe4 5. Nc3 Nxc3 6. dxc3 Be7 7. Bf4 Nd7 8.
Qd2 Nc5 9. O-O-O Bd7 10. Re1 Ne6 11. Be3 Bc6 12. Nd4 Nxd4 13. cxd4 O-O 14. Bd3
d5 15. h4 Qd7 16. Qe2 Rae8 17. g4 a6 18. Qf3 Bb5 19. Bf5 Qc6 20. g5 g6 21. Bg4
f5 22. gxf6 Rxf6 23. Qd1 Bd6 24. h5 Bf4 25. hxg6 Bxe3+ 26. fxe3 Rxg6 27. Bh5 Kh8
28. Bxg6 Qxg6 29. Qf3 Ba4 30. b3 Bd7 31. Kb2 Bf5 32. Rhg1 Be4 33. Qf4 Qc6 34.
Re2 b5 35. Rf2 Bg6 36. Rgg2 Kg7 37. Rf1 1-0

[Event "Open Portugal 2019"]
[Site "Lisboa POR"]
[Date "2019.02.02"]
[Round "1.62"]
[White "Rego, João Rui"]
[Black "Ranaldi, Lucas"]
[Result "0-1"]
[WhiteElo "1761"]
[BlackElo "2229"]
[WhiteFideId "1934465"]
[BlackFideId "1519484"]
[BlackTitle "FM"]
[WhiteCountry "POR"]
[BlackCountry "NOR"]
[PlyCount "164"]
[EventDate "2019.02.02"]

1. e4 c6 2. d4 d5 3. Nc3 dxe4 4. Nxe4 Bf5 5. Ng3 Bg6 6. h4 h6 7. h5 Bh7 8. Nf3
e6 9. Bd3 Bxd3 10. Qxd3 Nf6 11. Bd2 Nbd7 12. O-O-O Be7 13. Kb1 Qb6 14. Ne4 Rd8
15. Qe2 Nxe4 16. Qxe4 Nf6 17. Qe2 a5 18. g4 a4 19. g5 Ba3 20. b3 hxg5 21. Nxg5
axb3 22. cxb3 Qb5 23. Qxb5 cxb5 24. Be3 Rxh5 25. Rxh5 Nxh5 26. Rh1 g6 27. Ne4
Be7 28. Rc1 f5 29. Nc5 f4 30. Nxe6 fxe3 31. Nxd8 exf2 32. Rf1 Bxd8 33. Rxf2 Bf6
34. d5 g5 35. Rf5 Ke7 36. Kc2 b4 37. Kd2 Ng3 38. d6+ Ke6 39. Rb5 Ne4+ 40. Ke3
Nxd6 41. Rxb4 Kf5 42. Kf3 Bc3 43. Rb6 g4+ 44. Kg2 Be5 45. a4 Kf4 46. a5 g3 47.
a6 bxa6 48. Rxa6 Nf5 49. b4 Nh4+ 50. Kh3 g2 51. Rg6 Nxg6 52. Kxg2 Bd4 53. b5 Bb6
54. Kf1 Kf3 55. Ke1 Ke3 56. Kf1 Nf4 57. Kg1 Kf3+ 58. Kh2 Ne2 59. Kh1 Ng3+ 60.
Kh2 Be3 61. Kh3 Nf5 62. Kh2 Nd6 63. b6 Bxb6 64. Kh1 Nf5 65. Kh2 Ng3 66. Kh3 Bg1
67. Kh4 Ne4 68. Kh3 Ng5+ 69. Kh4 Kf4 70. Kh5 Kf5 71. Kh4 Bf2+ 72. Kh5 Ne6 73.
Kh6 Bg3 74. Kh5 Ng7+ 75. Kh6 Kf6 76. Kh7 Kf7 77. Kh6 Bf4+ 78. Kh7 Ne6 79. Kh8
Bh6 80. Kh7 Bf8 81. Kh8 Bg7+ 82. Kh7 Ng5# 0-1

[Event "Open Portugal 2019"]
[Site "Lisboa POR"]
[Date "2019.02.02"]
[Round "1.63"]
[White "Rego, Pedro"]
[Black "Le Gall, Eric"]
[Result "1-0"]
[WhiteElo "2228"]
[BlackElo "1758"]
[WhiteFideId "1904310"]
[BlackFideId "636690"]
[WhiteTitle "FM"]
[WhiteCountry "POR"]
[BlackCountry "FRA"]
[PlyCount "47"]
[EventDate "2019.02.02"]

1. e4 e6 2. Qe2 c5 3. Nc3 Nc6 4. Nf3 Be7 5. g3 d5 6. d3 Nf6 7. Bg2 O-O 8. O-O b6
9. Re1 Bb7 10. Bf4 a6 11. e5 Nd7 12. h4 Rc8 13. Qd2 Re8 14. h5 f5 15. exf6 Bxf6
16. Bh3 Nf8 17. Bg4 Nd4 18. Ne5 g5 19. hxg6 Nxg6 20. Kg2 Nxf4+ 21. Qxf4 Nxc2 22.
Bxe6+ Kg7 23. Rh1 Rxe6 24. Qh6+ 1-0

[Event "Open Portugal 2019"]
[Site "Lisboa POR"]
[Date "2019.02.02"]
[Round "1.64"]
[White "Costa, Américo"]
[Black "Pietruszewski, Marcin"]
[Result "0-1"]
[WhiteElo "1755"]
[BlackElo "2226"]
[WhiteFideId "1903373"]
[BlackFideId "1170295"]
[WhiteCountry "POR"]
[BlackCountry "POL"]
[PlyCount "70"]
[EventDate "2019.02.02"]

1. d4 Nf6 2. e3 b6 3. f4 Bb7 4. Nf3 c5 5. c3 d6 6. Bc4 e6 7. O-O Nbd7 8. Ng5 h6
9. Nxe6 fxe6 10. Bxe6 d5 11. Qf3 Bd6 12. c4 cxd4 13. exd4 Nf8 14. Bh3 Qe7 15.
Nc3 dxc4 16. d5 N8d7 17. Bd2 O-O 18. Rae1 Bc5+ 19. Kh1 Qd6 20. Be6+ Kh8 21. Qh3
Bxd5 22. Nxd5 Nxd5 23. f5 Kh7 24. g4 Nc7 25. Bxh6 gxh6 26. g5 Nxe6 27. Rxe6 Qd5+
28. Rf3 Qd1+ 29. Qf1 Qxf1+ 30. Rxf1 hxg5 31. Rd1 Nf6 32. Rc1 Rad8 33. Rxc4 Rd1+
34. Kg2 g4 35. h3 Rg1+ 0-1

[Event "Open Portugal 2019"]
[Site "Lisboa POR"]
[Date "2019.02.02"]
[Round "1.65"]
[White "Garcia Dorado, Alberto"]
[Black "Calzada Cruz, Osvaldo"]
[Result "1-0"]
[WhiteElo "2223"]
[BlackElo "1754"]
[WhiteFideId "2252244"]
[BlackFideId "3509460"]
[WhiteTitle "CM"]
[WhiteCountry "ESP"]
[BlackCountry "CUB"]
[PlyCount "81"]
[EventDate "2019.02.02"]

1. d4 Nf6 2. c4 e6 3. g3 Bb4+ 4. Bd2 Qe7 5. Nf3 b6 6. Bg2 Bb7 7. O-O a5 8. Bf4
Bd6 9. Bg5 h6 10. Bxf6 Qxf6 11. Nc3 Na6 12. a3 Rb8 13. e4 Qg6 14. Nd2 O-O 15. f4
f5 16. e5 Bxg2 17. Kxg2 Be7 18. Nf3 c6 19. Qe2 Nc7 20. d5 cxd5 21. cxd5 exd5 22.
Rfd1 d6 23. Nxd5 Nxd5 24. Rxd5 dxe5 25. Nxe5 Qe6 26. Rad1 Rfe8 27. Qb5 Bf6 28.
Rd6 Qe7 29. Qd5+ Kh7 30. Nd7 Qe4+ 31. Qxe4 fxe4 32. Nxb8 Rxb8 33. b3 Be7 34. Re6
Bxa3 35. Rxe4 Rc8 36. Rc4 Re8 37. Kf3 Bc5 38. Re4 Rf8 39. g4 Kg6 40. Rd7 Kf6 41.
f5 1-0

[Event "Open Portugal 2019"]
[Site "Lisboa POR"]
[Date "2019.02.02"]
[Round "1.67"]
[White "Li, Xueyi"]
[Black "Silva, Tiago Alexandre"]
[Result "1-0"]
[WhiteElo "2217"]
[BlackElo "1750"]
[WhiteFideId "8605912"]
[BlackFideId "1935321"]
[WhiteCountry "CHN"]
[BlackCountry "POR"]
[PlyCount "57"]
[EventDate "2019.02.02"]

1. Nf3 Nf6 2. d4 e6 3. c4 d5 4. g3 Be7 5. Bg2 O-O 6. O-O dxc4 7. Qc2 a6 8. a4 c5
9. dxc5 Qc7 10. Qxc4 Qxc5 11. Qb3 Qd5 12. Qc2 Qe4 13. Qd1 Nc6 14. Nc3 Qb4 15.
Qc2 Rd8 16. b3 Qb6 17. Be3 Bc5 18. a5 Qa7 19. Nb5 axb5 20. Bxc5 Qa6 21. Rfc1 Bd7
22. b4 Rdc8 23. Qb2 Ne4 24. Bb6 Nd6 25. Qd2 Nc4 26. Qxd7 Rd8 27. Bxd8 Rxd8 28.
Qc7 e5 29. Nxe5 1-0

[Event "Open Portugal 2019"]
[Site "Lisboa POR"]
[Date "2019.02.02"]
[Round "1.68"]
[White "Cordeiro, João"]
[Black "Cholleti, Sahajasri"]
[Result "0-1"]
[WhiteElo "1745"]
[BlackElo "2215"]
[WhiteFideId "1935291"]
[BlackFideId "5045118"]
[BlackTitle "WFM"]
[WhiteCountry "POR"]
[BlackCountry "IND"]
[PlyCount "100"]
[EventDate "2019.02.02"]

1. e4 c5 2. Nc3 d6 3. g3 Nc6 4. Bg2 g6 5. d3 Bg7 6. f4 e6 7. Nf3 Nge7 8. Be3 Rb8
9. Qd2 b5 10. O-O O-O 11. Bf2 b4 12. Nd1 Nd4 13. Re1 a5 14. c3 bxc3 15. bxc3
Nxf3+ 16. Bxf3 Ba6 17. Rc1 Qb6 18. d4 cxd4 19. cxd4 Rfc8 20. d5 Qb4 21. Qxb4
axb4 22. Rxc8+ Rxc8 23. Ne3 exd5 24. exd5 Bc3 25. Rc1 Bd3 26. Bd1 Be4 27. Bb3
Ra8 28. Rd1 Bf3 29. Rc1 Ra5 30. Nd1 Bf6 31. Be1 Bd4+ 32. Bf2 Bxf2+ 33. Nxf2 Bxd5
34. Nd3 Bxb3 35. axb3 Ra3 36. Nxb4 Rxb3 37. Nc6 Kf8 38. Nd4 Rd3 39. Ne2 h5 40.
Kf2 d5 41. h3 Nf5 42. g4 Nd6 43. gxh5 gxh5 44. Ng3 h4 45. Nf1 Ne4+ 46. Kg2 d4
47. f5 Kg7 48. Re1 Nd6 49. Re5 Kf6 50. Rd5 Nxf5 0-1

[Event "Open Portugal 2019"]
[Site "Lisboa POR"]
[Date "2019.02.02"]
[Round "1.69"]
[White "Boucquet, Emile"]
[Black "Haisma, Henk"]
[Result "1-0"]
[WhiteElo "2213"]
[BlackElo "1727"]
[WhiteFideId "233161"]
[BlackFideId "1038486"]
[WhiteCountry "BEL"]
[BlackCountry "NED"]
[PlyCount "133"]
[EventDate "2019.02.02"]

1. e4 c5 2. d4 cxd4 3. c3 dxc3 4. Nxc3 e6 5. Nf3 Bb4 6. Qd4 Nc6 7. Qxg7 Qf6 8.
Qxf6 Nxf6 9. Bd2 Rg8 10. e5 Bxc3 11. Bxc3 Nd5 12. Bd4 Ndb4 13. Kd2 Nxd4 14. Nxd4
a6 15. a3 Rg4 16. Nf3 Nc6 17. h3 Rg7 18. Re1 b5 19. Nh2 Bb7 20. Ng4 O-O-O 21.
Nf6 d6 22. exd6 Rxd6+ 23. Kc3 Rd8 24. h4 Ne7 25. h5 Nd5+ 26. Nxd5 Rxd5 27. h6
Rg8 28. Bd3 Rh8 29. b4 Rg5 30. Rh2 Bd5 31. g3 f5 32. Kd4 Rf8 33. Rh4 Kd7 34. g4
Rxg4+ 35. Rxg4 fxg4 36. Rf1 Bf3 37. Ke5 Ke7 38. Re1 Kd7 39. Bb1 Bd5 40. Rg1 Bf3
41. Bc2 Rf7 42. Re1 Ke7 43. Re3 Rf6 44. Rc3 Rxh6 45. Rc7+ Kd8 46. Rxh7 Rxh7 47.
Bxh7 Bd5 48. Kd6 Kc8 49. Bg8 Kb7 50. Bxe6 Bf3 51. Bd5+ Kb6 52. Bxf3 gxf3 53. Kd5
a5 54. Ke4 axb4 55. axb4 Kc6 56. Kxf3 Kd5 57. Ke3 Kc4 58. f4 Kxb4 59. Kd4 Ka3
60. f5 b4 61. f6 b3 62. f7 b2 63. f8=Q+ Ka2 64. Qa8+ Kb3 65. Qb7+ Kc2 66. Qe4+
Kc1 67. Kc3 1-0

[Event "Open Portugal 2019"]
[Site "Lisboa POR"]
[Date "2019.02.02"]
[Round "1.71"]
[White "Vasques, António"]
[Black "Godinho, João Quintas"]
[Result "1-0"]
[WhiteElo "2210"]
[BlackElo "1719"]
[WhiteFideId "1908332"]
[BlackFideId "1909193"]
[WhiteTitle "FM"]
[WhiteCountry "POR"]
[BlackCountry "POR"]
[PlyCount "83"]
[EventDate "2019.02.02"]

1. e4 c5 2. Nc3 d6 3. Nf3 Nf6 4. d4 cxd4 5. Nxd4 e6 6. Be3 e5 7. Nb3 Ng4 8. Bd2
Qb6 9. Qf3 Be6 10. h3 h5 11. g3 Nf6 12. O-O-O Nbd7 13. Kb1 Rc8 14. Rg1 Qc7 15.
g4 hxg4 16. hxg4 d5 17. Bd3 dxe4 18. Nxe4 Bd5 19. Bc3 b5 20. Nxf6+ Nxf6 21. Qf5
Be6 22. Qxe5 Qxe5 23. Bxe5 Nxg4 24. Bg3 Rd8 25. Be4 Be7 26. Bc6+ Bd7 27. Rxd7
Rxd7 28. Rd1 Nf6 29. Be5 Kd8 30. Bxd7 Nxd7 31. Bxg7 Rh2 32. Bd4 Kc7 33. c3 Bf6
34. Be3 Ne5 35. Nc5 a5 36. Ne4 Be7 37. Rd5 Rh1+ 38. Kc2 f5 39. Ng3 Ra1 40. Nxf5
Bf6 41. Bf4 Kc6 42. Rd6+ 1-0

[Event "Open Portugal 2019"]
[Site "Lisboa POR"]
[Date "2019.02.02"]
[Round "1.72"]
[White "Martins, José Carlos"]
[Black "Fidalgo, André"]
[Result "0-1"]
[WhiteElo "1707"]
[BlackElo "2204"]
[WhiteFideId "1946005"]
[BlackFideId "1933620"]
[BlackTitle "NM"]
[WhiteCountry "POR"]
[BlackCountry "POR"]
[PlyCount "62"]
[EventDate "2019.02.02"]

1. e4 c5 2. Nf3 Nc6 3. d4 cxd4 4. Nxd4 g6 5. Nc3 Bg7 6. Be3 Nf6 7. Bc4 Qa5 8.
O-O O-O 9. h3 d6 10. Bb3 Bd7 11. f4 Rac8 12. Re1 Nxd4 13. Bxd4 Be6 14. Kh1 Nd7
15. Bxg7 Kxg7 16. Qd4+ Kg8 17. Nd5 Bxd5 18. exd5 Rfe8 19. Re2 Qc5 20. Qd2 Nf6
21. Rae1 Rc7 22. f5 b5 23. fxg6 hxg6 24. Qg5 Kg7 25. c3 a5 26. a4 bxa4 27. Bxa4
Rb8 28. Bc6 Rxc6 29. Rxe7 Qxd5 30. Qf4 Rxb2 31. R7e4 Nxe4 0-1

[Event "Open Portugal 2019"]
[Site "Lisboa POR"]
[Date "2019.02.02"]
[Round "1.74"]
[White "Barrento, Jorge"]
[Black "Nielsen, André"]
[Result "0-1"]
[WhiteElo "1701"]
[BlackElo "2201"]
[WhiteFideId "1906500"]
[BlackFideId "1518240"]
[BlackTitle "FM"]
[WhiteCountry "POR"]
[BlackCountry "NOR"]
[PlyCount "82"]
[EventDate "2019.02.02"]

1. d4 Nf6 2. Nc3 d5 3. Bf4 e6 4. e3 Bd6 5. Nge2 O-O 6. g4 Nxg4 7. Rg1 Qh4 8.
Rxg4 Qxg4 9. Bxd6 cxd6 10. Nb5 Nc6 11. Nxd6 Rd8 12. Nb5 a6 13. Nbc3 Bd7 14. Qd2
b5 15. a3 Rac8 16. O-O-O b4 17. axb4 Nxb4 18. Kb1 Qh4 19. Nf4 Qe7 20. Nd3 Nxd3
21. Bxd3 Rb8 22. Na2 Rb6 23. Qa5 Rdb8 24. b3 Qd6 25. h4 Qh2 26. Rf1 Qxh4 27. Nc1
Qd8 28. Qd2 a5 29. Rh1 h6 30. e4 Bb5 31. Rg1 Kf8 32. e5 a4 33. f4 axb3 34. Nxb3
Bc4 35. Kc1 Bxb3 36. cxb3 Rxb3 37. Qg2 Qc7+ 38. Bc2 Rb1+ 39. Kd2 Rxg1 40. Qxg1
Rb2 41. Qd1 Qxc2+ 0-1

[Event "Open Portugal 2019"]
[Site "Lisboa POR"]
[Date "2019.02.02"]
[Round "1.75"]
[White "Álvarez Serrano, Carlos"]
[Black "Avelino, Camila"]
[Result "1-0"]
[WhiteElo "2201"]
[BlackElo "1689"]
[WhiteFideId "22238689"]
[BlackFideId "1938975"]
[WhiteCountry "ESP"]
[BlackCountry "POR"]
[PlyCount "109"]
[EventDate "2019.02.02"]

1. d4 Nf6 2. c4 g6 3. Nc3 Bg7 4. e4 d6 5. h3 O-O 6. Be3 Nbd7 7. Bd3 e5 8. d5 Ne8
9. g4 Nc5 10. Bc2 a5 11. Nge2 f5 12. gxf5 gxf5 13. exf5 Bxf5 14. Bxf5 Rxf5 15.
Ng3 Rf8 16. h4 Qf6 17. Qd2 Kh8 18. O-O-O a4 19. h5 h6 20. Bxc5 dxc5 21. Nce4 Qf4
22. Kb1 Nd6 23. Qc2 b6 24. Nxd6 cxd6 25. Ne4 Qf5 26. Rhg1 Qxh5 27. Rg2 Rf4 28.
Rdg1 Ra7 29. Nxd6 Rd7 30. Qxa4 Rxd6 31. Rxg7 Rd8 32. Qc2 Qf5 33. Qxf5 Rxf5 34.
R7g6 Kh7 35. Rxb6 Rxf2 36. Rh1 Rdf8 37. Rbxh6+ Kg7 38. R6h2 R2f4 39. Rh4 Rf2 40.
R1h2 R2f4 41. Kc2 Rf2+ 42. Rxf2 Rxf2+ 43. Kb3 Rf3+ 44. Ka4 Rf2 45. Kb5 Rxb2+ 46.
Kxc5 Rxa2 47. Kd6 Kf6 48. c5 Ra8 49. c6 Rd8+ 50. Kc5 Kf7 51. d6 Ke6 52. c7 Rc8
53. Kc6 Ra8 54. Rh6+ Kf7 55. Kb7 1-0

[Event "Open Portugal 2019"]
[Site "Lisboa POR"]
[Date "2019.02.02"]
[Round "1.76"]
[White "Guia, Artur"]
[Black "Costa, Paulo"]
[Result "0-1"]
[WhiteElo "1686"]
[BlackElo "2200"]
[WhiteFideId "1946781"]
[BlackFideId "1900900"]
[BlackTitle "NM"]
[WhiteCountry "POR"]
[BlackCountry "POR"]
[PlyCount "118"]
[EventDate "2019.02.02"]

1. d4 Nf6 2. Bg5 Ne4 3. Bf4 e6 4. f3 Bd6 5. Bxd6 Nxd6 6. e4 f5 7. e5 Nf7 8. Nc3
b6 9. Qd2 Bb7 10. O-O-O Nc6 11. g3 Qe7 12. Bg2 Na5 13. Qe2 O-O 14. f4 Bxg2 15.
Qxg2 Nc4 16. a3 Ne3 17. Qe2 Nxd1 18. Qxd1 d6 19. Nf3 dxe5 20. dxe5 Rfd8 21. Qe2
a6 22. Rd1 Rxd1+ 23. Nxd1 b5 24. Nf2 Rd8 25. Nd3 c5 26. Qe3 c4 27. Nde1 Qd7 28.
Qe2 Rc8 29. c3 Nd8 30. Nd4 Nc6 31. Nec2 Nxd4 32. Nxd4 Qd5 33. Qf3 Qxf3 34. Nxf3
h6 35. h4 Kf7 36. h5 Rg8 37. Nd4 g6 38. hxg6+ Rxg6 39. Ne2 h5 40. Kd2 h4 41.
gxh4 Rh6 42. Ke3 Rxh4 43. Kf2 Rh2+ 44. Ke3 Ke7 45. Kd2 Kd7 46. Ke3 a5 47. Kf3
Rh3+ 48. Ng3 Kc6 49. Kg2 Rh4 50. Ne2 Kd5 51. Kg3 Rh8 52. Nd4 Rb8 53. Kf3 b4 54.
axb4 axb4 55. Ke3 bxc3 56. bxc3 Rb2 57. Kf3 Rd2 58. Nb5 Kc6 59. Na7+ Kc5 0-1

[Event "Open Portugal 2019"]
[Site "Lisboa POR"]
[Date "2019.02.02"]
[Round "1.77"]
[White "Li, Yunshan"]
[Black "Bártolo, Filipe"]
[Result "1-0"]
[WhiteElo "2196"]
[BlackElo "1666"]
[WhiteFideId "8607664"]
[BlackFideId "1942565"]
[WhiteTitle "WFM"]
[WhiteCountry "CHN"]
[BlackCountry "POR"]
[PlyCount "79"]
[EventDate "2019.02.02"]

1. d4 Nf6 2. c4 g6 3. Nc3 Bg7 4. e4 d6 5. h3 O-O 6. Nf3 Nbd7 7. Be3 e5 8. d5 a5
9. a3 Qe7 10. Be2 Nc5 11. Nd2 Ne8 12. b4 axb4 13. axb4 Rxa1 14. Qxa1 Na6 15. Qa3
f5 16. f3 Bf6 17. Bf2 Bg5 18. Nb3 c6 19. dxc6 bxc6 20. b5 Nac7 21. bxc6 f4 22.
h4 Bf6 23. Nd5 Nxd5 24. cxd5 Ng7 25. Qa7 Qd8 26. Kd2 Nh5 27. Bb6 Qe8 28. Bc7 Rf7
29. Qb8 Ng3 30. Ra1 Nxe2 31. Kxe2 Bd8 32. Bxd6 Be7 33. Bxe5 Bf6 34. Ra8 Qxe5 35.
Qxe5 Bxe5 36. Rxc8+ Kg7 37. Re8 Kf6 38. Nc5 Bc7 39. e5+ Kg7 40. Ne6+ 1-0

[Event "Open Portugal 2019"]
[Site "Lisboa POR"]
[Date "2019.02.02"]
[Round "1.78"]
[White "Haynes, Noah"]
[Black "Ermeni, Avni"]
[Result "0-1"]
[WhiteElo "1658"]
[BlackElo "2194"]
[WhiteFideId "1543172"]
[BlackFideId "912840"]
[BlackTitle "FM"]
[WhiteCountry "NOR"]
[BlackCountry "KOS"]
[PlyCount "44"]
[EventDate "2019.02.02"]

1. d4 f5 2. e4 fxe4 3. Nc3 Nf6 4. Bg5 Nc6 5. d5 Ne5 6. Qd4 Nf7 7. h4 c6 8. O-O-O
Qb6 9. Bxf6 gxf6 10. Qxe4 Qxf2 11. Nh3 Qg3 12. Be2 Ne5 13. Bh5+ Kd8 14. Kb1 Bh6
15. Rhe1 d6 16. dxc6 bxc6 17. Qa4 Bf5 18. Ne2 Qxg2 19. Nef4 Bxf4 20. Nxf4 Qf2
21. Rxe5 fxe5 22. Qxc6 Qxc2+ 0-1

[Event "Open Portugal 2019"]
[Site "Lisboa POR"]
[Date "2019.02.02"]
[Round "1.80"]
[White "Vedor, Bernardo"]
[Black "Santos, José Gulherme"]
[Result "0-1"]
[WhiteElo "1650"]
[BlackElo "2191"]
[WhiteFideId "1953540"]
[BlackFideId "1939300"]
[WhiteCountry "POR"]
[BlackCountry "POR"]
[PlyCount "70"]
[EventDate "2019.02.02"]

1. e4 c5 2. Nf3 d6 3. d4 cxd4 4. Nxd4 Nf6 5. Nc3 a6 6. f3 e5 7. Nb3 Be6 8. Be3
Be7 9. Qd2 Nbd7 10. O-O-O b5 11. Nd5 Bxd5 12. exd5 Nb6 13. Bxb6 Qxb6 14. Na5 O-O
15. Nc6 Rfe8 16. Kb1 Rac8 17. Be2 Bf8 18. Rhe1 Nxd5 19. Qxd5 Rxc6 20. Bd3 Rc5
21. Qe4 g6 22. Qg4 d5 23. h4 Bg7 24. h5 Qf6 25. hxg6 hxg6 26. Qb4 Rcc8 27. Qb3
Red8 28. Rd2 b4 29. Bxa6 Qxa6 30. Rxd5 Rxd5 31. Qxd5 Qf6 32. Qb7 Qd8 33. Qxb4 e4
34. Qxe4 Qb6 35. c3 Bxc3 0-1

[Event "Open Portugal 2019"]
[Site "Lisboa POR"]
[Date "2019.02.02"]
[Round "1.81"]
[White "Lindbøl, Aleksander"]
[Black "Gonçalves, Carlos"]
[Result "1-0"]
[WhiteElo "2190"]
[BlackElo "1644"]
[WhiteFideId "1520644"]
[BlackFideId "1912879"]
[WhiteCountry "NOR"]
[BlackCountry "POR"]
[PlyCount "59"]
[EventDate "2019.02.02"]

1. e4 d5 2. exd5 Qxd5 3. Nf3 Bg4 4. Be2 Nf6 5. Nc3 Qd6 6. d3 c6 7. O-O e6 8. Bg5
Nbd7 9. Bh4 Qc7 10. h3 Bh5 11. Nd2 Bxe2 12. Qxe2 Bd6 13. a4 O-O 14. Nce4 Be7 15.
Bg3 Qd8 16. Nc4 Nxe4 17. dxe4 Nb6 18. Rfd1 Qe8 19. Nd6 Qd7 20. Nf5 Qe8 21. Nxe7+
Qxe7 22. Bd6 Qh4 23. Bxf8 Kxf8 24. a5 Nc8 25. Rd4 b6 26. Rad1 bxa5 27. Rd8+ Ke7
28. e5 Nb6 29. Rxa8 Nxa8 30. Qa6 1-0

[Event "Open Portugal 2019"]
[Site "Lisboa POR"]
[Date "2019.02.02"]
[Round "1.82"]
[White "Gonçalves, Samuel"]
[Black "Maisuradze, Nino"]
[Result "0-1"]
[WhiteElo "1637"]
[BlackElo "2186"]
[WhiteFideId "1945130"]
[BlackFideId "13601717"]
[BlackTitle "WGM"]
[WhiteCountry "POR"]
[BlackCountry "FRA"]
[PlyCount "76"]
[EventDate "2019.02.02"]

1. e4 c5 2. Nf3 Nc6 3. Bb5 d6 4. O-O Bd7 5. Qe2 e5 6. Rd1 g5 7. c3 Bg7 8. d4 g4
9. Bxc6 bxc6 10. Nfd2 cxd4 11. Nc4 Be6 12. cxd4 exd4 13. Bf4 Bxc4 14. Qxc4 Ne7
15. Nd2 O-O 16. Bg5 c5 17. b4 h6 18. Bh4 Rc8 19. Rac1 Qd7 20. Bxe7 Qxe7 21. b5
Kh8 22. Qd5 Rce8 23. Nc4 Be5 24. a4 Bf4 25. Rb1 Qxe4 26. Qxe4 Rxe4 27. g3 d5 28.
Na5 Bd6 29. Nc6 Rfe8 30. Nxa7 c4 31. Nc6 d3 32. b6 c3 33. a5 c2 34. a6 d2 35. a7
cxb1=Q 36. Rxb1 Re1+ 37. Kg2 Rxb1 38. Nb8 Rg1+ 0-1

[Event "Open Portugal 2019"]
[Site "Lisboa POR"]
[Date "2019.02.02"]
[Round "1.83"]
[White "Kubicka, Anna"]
[Black "Mendes, Alberto"]
[Result "1-0"]
[WhiteElo "2186"]
[BlackElo "1635"]
[WhiteFideId "1152254"]
[BlackFideId "1901699"]
[WhiteTitle "WIM"]
[WhiteCountry "POL"]
[BlackCountry "POR"]
[PlyCount "83"]
[EventDate "2019.02.02"]

1. e4 e5 2. Nf3 d6 3. d4 exd4 4. Nxd4 Be7 5. Nc3 Nf6 6. Bc4 a6 7. a4 Bd7 8. O-O
Nc6 9. Nxc6 Bxc6 10. Re1 O-O 11. h3 h6 12. Bf4 Nh7 13. Nd5 Bxd5 14. Qxd5 c6 15.
Qd2 Qb6 16. c3 Rad8 17. b4 Bg5 18. Rad1 a5 19. Be3 Bxe3 20. Rxe3 axb4 21. cxb4
Rd7 22. b5 Ra8 23. Rb3 c5 24. e5 Nf8 25. exd6 Rxa4 26. Qd5 Ne6 27. Rf3 Rxc4 28.
Qxc4 Nd4 29. Re3 Qxd6 30. Kh1 b6 31. Re8+ Kh7 32. Qd3+ Qg6 33. Qe3 Rd6 34. Rb8
Re6 35. Qf4 Rf6 36. Qe3 Qc2 37. Rc1 Qxf2 38. Qxf2 Rxf2 39. Rxb6 Ne6 40. Rb1 Rc2
41. Rxe6 fxe6 42. b6 1-0

[Event "Open Portugal 2019"]
[Site "Lisboa POR"]
[Date "2019.02.02"]
[Round "1.84"]
[White "Paletta, Giuseppe"]
[Black "Borges, Guilherme Deola"]
[Result "0-1"]
[WhiteElo "1620"]
[BlackElo "2181"]
[WhiteFideId "804185"]
[BlackFideId "2109085"]
[WhiteCountry "ITA"]
[BlackCountry "BRA"]
[PlyCount "66"]
[EventDate "2019.02.02"]

1. d4 Nf6 2. Nf3 g6 3. Nc3 d5 4. Bf4 Bg7 5. Qd2 O-O 6. h3 c6 7. e3 Nbd7 8. Ne5
Ne8 9. Nxd7 Bxd7 10. Be2 f6 11. e4 Be6 12. O-O-O dxe4 13. Nxe4 Bf7 14. Bf3 Nc7
15. Kb1 Nd5 16. Bh6 Qb6 17. Bxg7 Kxg7 18. Rhe1 Rfe8 19. Nc5 Nc7 20. Re3 Rad8 21.
Rde1 Qxc5 22. dxc5 Rxd2 23. Rxe7 Rxe7 24. Rxe7 Rxf2 25. b3 Nb5 26. Rxb7 Nd4 27.
Rxa7 Nxf3 28. gxf3 Rxf3 29. a4 Re3 30. a5 f5 31. a6 f4 32. Rc7 f3 33. a7 Re8 0-1